000 00564cam a22002171 4500
001 ca 36000237
003 DLC
005 20260227111140.0
008 800401s1936 lau 000 0 eng
010 _aca 36000237
035 _a(OCoLC)6156510
040 _aDLC
_cLU
_dDLC
042 _apremarc
050 0 0 _aPS3531.A553
_bD4 1936
082 _a812.5
100 1 _aParham, Kell Duncan.
245 1 0 _aDelilah,
_cby Kell Duncan Parham.
260 _aNew Orleans, La.,
_bPelican publishing company
_c[c1936]
300 _ax, 82 p.
_c19 cm.
500 _aA play.
999 _c18050
_d18050